| 000 | 01757nam a2200445 a 4500 | ||
|---|---|---|---|
| 001 | ebr10492766 | ||
| 003 | CaPaEBR | ||
| 006 | m u | ||
| 007 | cr cn||||||||| | ||
| 008 | 110809s2011 bccab sb 001 0 eng d | ||
| 010 | _z 2011290546 | ||
| 020 | _z9780774818520 (hbk.) | ||
| 020 | _z0774818522 (hbk.) | ||
| 020 | _z9780774818537 (pbk.) | ||
| 020 | _z9780774818544 (PDF) | ||
| 020 | _z9780774859929 (epub) | ||
| 020 | _z9780774818544 (e-book) | ||
| 040 |
_aCaPaEBR _cCaPaEBR |
||
| 035 | _a(OCoLC)750229958 | ||
| 043 | _an-cn-mb | ||
| 050 | 1 | 4 |
_aS451.5.M3 _bS78 2011eb |
| 055 | 0 |
_aHD1683 C3 _bS78 2011 |
|
| 082 | 0 | 4 |
_a333.76/097127 _222 |
| 100 | 1 |
_aStunden Bower, Shannon, _d1977- |
|
| 245 | 1 | 0 |
_aWet prairie _h[electronic resource] : _bpeople, land, and water in agricultural Manitoba / _cShannon Stunden Bower ; [foreword by Graeme Wynn]. |
| 260 |
_aVancouver [B.C.] : _bUBC Press, _c2011. |
||
| 300 |
_axxiii, 238 p. : _bill., maps. |
||
| 490 | 1 |
_aNature, history, and society series, _x1713-6687 |
|
| 504 | _aIncludes bibliographical references and index. | ||
| 533 |
_aElectronic reproduction. _bPalo Alto, Calif. : _cebrary, _d2011. _nAvailable via World Wide Web. _nAccess may be limited to ebrary affiliated libraries. |
||
| 650 | 0 |
_aAgriculture _zManitoba _xHistory. |
|
| 650 | 0 |
_aDrainage _zManitoba _xHistory. |
|
| 650 | 0 |
_aWatershed management _zManitoba _xHistory. |
|
| 650 | 0 |
_aAgriculture and state _zManitoba. |
|
| 650 | 0 |
_aAgriculture _xSocial aspects _zManitoba. |
|
| 655 | 7 |
_aElectronic books. _2local |
|
| 710 | 2 | _aebrary, Inc. | |
| 830 | 0 | _aNature, history, society. | |
| 856 | 4 | 0 |
_uhttp://site.ebrary.com/lib/rucke/Doc?id=10492766 _zAn electronic book accessible through the World Wide Web; click to view |
| 999 |
_c125380 _d125380 |
||